[Event "BIH-chT1A 28th"]
[Site "Mostar"]
[Date "2021.08.06"]
[Round "1.4"]
[White "Sinanovic, Fadil"]
[Black "Begic, Senad"]
[Result "0-1"]
[WhiteElo "1910"]
[BlackElo "2295"]
[PlyCount "48"]
[EventDate "2021.08.06"]
[EventType "team-tourn"]
[EventRounds "9"]
[EventCountry "BIH"]
[SourceTitle "CBM 203 Extra"]
[Source "ChessBase"]
[SourceDate "2021.09.30"]
[SourceVersion "1"]
[SourceVersionDate "2021.09.30"]
[SourceQuality "1"]
[WhiteTeam "Tesanj"]
[BlackTeam "Gnojnica Lukavac Imel"]
[WhiteTeamCountry "BIH"]
[BlackTeamCountry "BIH"]

1. e4 d5 2. exd5 Qxd5 3. Nc3 Qa5 4. Bc4 Nf6 5. d3 c6 6. Bd2 Bg4 7. Nge2 e6 8. Ne4 Bb4 9. Nxf6+ gxf6 10. c3 Bd6 11. f3 Bh5 12. Bb3 Qc7 13. h3 Nd7 14. Be3 Bg3+ 15. Nxg3 Qxg3+ 16. Kf1 Rg8 17. Rg1 Ne5 18. Bf2 Qh2 19. d4 0-0-0 20. dxe5 Rxd1+ 21. Rxd1 fxe5 22. Bc2 Bxf3 23. Rc1 Rxg2 24. Rxg2 Qxg2+ 0-1

[Event "BIH-chT2 27th"]
[Site "Lukavac"]
[Date "2020.10.31"]
[Round "2.2"]
[White "Begic, Senad"]
[Black "Hrvic, Bilal"]
[Result "1-0"]
[WhiteElo "2285"]
[BlackElo "2054"]
[PlyCount "109"]
[EventDate "2020.10.30"]
[EventType "team-tourn"]
[EventRounds "5"]
[EventCountry "BIH"]
[SourceTitle "CBM 199 Extra"]
[Source "ChessBase"]
[SourceDate "2021.01.31"]
[SourceVersion "1"]
[SourceVersionDate "2021.01.31"]
[SourceQuality "1"]
[WhiteTeam "Gnojnica"]
[BlackTeam "Zivinice"]
[WhiteTeamCountry "BIH"]
[BlackTeamCountry "BIH"]

1. d4 d5 2. c4 c6 3. Nc3 Nf6 4. cxd5 Nxd5 5. e4 Nf6 6. f3 e6 7. Be3 Bb4 8. Qb3 Qb6 9. Kf2 Be7 10. Qc2 Qd8 11. Rd1 0-0 12. Bd3 h6 13. Nge2 Nbd7 14. e5 Nd5 15. Nxd5 cxd5 16. Qd2 f5 17. g3 Nb6 18. b3 Bd7 19. h4 a6 20. Nf4 Qe8 21. h5 Bg5 22. a4 Bxf4 23. Bxf4 Qe7 24. Qa5 Nc8 25. Rc1 Na7 26. Rc7 Qd8 27. Qc5 Bc6 28. Qd6 Re8 29. Rc1 Rc8 30. Rxc8 Nxc8 31. Qxd8 Rxd8 32. Bxa6 Ne7 33. Bd3 Rb8 34. Bd2 Be8 35. g4 fxg4 36. fxg4 Nc6 37. Ke3 g6 38. hxg6 Kg7 39. b4 Bxg6 40. b5 Nd8 41. Rc7+ Nf7 42. a5 Bxd3 43. Kxd3 Kg6 44. Re7 Ng5 45. Bxg5 Kxg5 46. Rxe6 Rf8 47. Rf6 Rc8 48. Rd6 Rc1 49. Rxd5 Kxg4 50. e6 Rc8 51. Ke4 h5 52. Rd7 Rc1 53. Rxb7 Re1+ 54. Kd5 h4 55. Rh7 1-0

[Event "BIH-chT1B 22nd"]
[Site "Tuzla"]
[Date "2015.10.17"]
[Round "2.2"]
[White "Coric, Ahmed"]
[Black "Begic, Senad"]
[Result "0-1"]
[WhiteElo "2079"]
[BlackElo "2282"]
[PlyCount "94"]
[EventDate "2015.10.16"]
[EventType "team-tourn"]
[EventRounds "9"]
[EventCountry "BIH"]
[SourceTitle "CBM 169 Extra"]
[Source "ChessBase"]
[SourceDate "2015.12.18"]
[SourceVersion "1"]
[SourceVersionDate "2015.12.18"]
[SourceQuality "1"]

1. c4 c6 2. g3 Nf6 3. Bg2 d5 4. d4 g6 5. Nc3 Bg7 6. Nf3 0-0 7. 0-0 dxc4 8. Ne5 Be6 9. e4 Nfd7 10. Nxd7 Qxd7 11. Be3 Bh3 12. Bxh3 Qxh3 13. Qe2 Nd7 14. Qxc4 Nb6 15. Qb3 Rad8 16. Rad1 Rd6 17. a4 Qh5 18. a5 Qxa5 19. Ra1 Qh5 20. Rxa7 Nc8 21. Ra8 Rd7 22. e5 Qf5 23. Na4 b5 24. Nc5 Rd5 25. Nd3 Qf3 26. Qc3 c5 27. Rxc8 Rxc8 28. Nxc5 Bxe5 29. dxe5 Rdxc5 30. Qxc5 Rxc5 31. Bxc5 Qd5 32. b4 Qxe5 33. Rd1 f6 34. Rd8+ Kf7 35. Rd7 Qe1+ 36. Kg2 Qe4+ 37. Kg1 g5 38. h3 f5 39. Kf1 Qh1+ 40. Ke2 Qxh3 41. Rxe7+ Kf6 42. Rb7 Qg4+ 43. Kd2 f4 44. Rxh7 fxg3 45. fxg3 Qxg3 46. Re7 Qf4+ 47. Kd3 Qc4+ 0-1

[Event "BIH-chT2"]
[Site "Neum"]
[Date "2008.08.23"]
[Round "1.3"]
[White "Dugonjic, Dragan"]
[Black "Begic, Senad"]
[Result "1-0"]
[WhiteElo "2120"]
[BlackElo "2284"]
[PlyCount "25"]
[EventDate "2008.08.23"]
[EventType "team"]
[EventRounds "9"]
[EventCountry "BIH"]
[SourceTitle "CBM 126 Extra"]
[Source "ChessBase"]
[SourceDate "2008.11.05"]
[SourceVersion "1"]
[SourceVersionDate "2008.11.05"]
[SourceQuality "1"]

1. d4 d5 2. c4 dxc4 3. e3 e5 4. Bxc4 exd4 5. exd4 Bb4+ 6. Nc3 Qe7+ 7. Nge2 h6 8. 0-0 Nf6 9. Nf4 Kf8 10. Nfd5 Nxd5 11. Nxd5 Qd6 12. Bf4 Qc6 13. Qb3 1-0

[Event "BIH-chT"]
[Site "Neum"]
[Date "2000.??.??"]
[Round "4"]
[White "Kamberovic, Senad"]
[Black "Begic, Senad"]
[Result "0-1"]
[WhiteElo "2294"]
[BlackElo "2297"]
[PlyCount "80"]
[EventDate "2000.08.25"]
[EventType "team"]
[EventRounds "9"]
[EventCountry "BIH"]
[SourceTitle "EXT 2006"]
[Source "ChessBase"]
[SourceDate "2005.11.24"]
[SourceVersion "1"]
[SourceVersionDate "2005.11.24"]
[SourceQuality "1"]

1. d4 d5 2. Nf3 Nf6 3. e3 Bg4 4. Bd3 e6 5. 0-0 Bd6 6. Nbd2 Nbd7 7. Qe1 0-0 8. b3 Bb4 9. Bb2 Ne4 10. Qc1 f5 11. a3 Bd6 12. Ne5 Nxe5 13. dxe5 Bc5 14. b4 Bb6 15. Nb3 Qg5 16. f4 Qh6 17. Bxe4 fxe4 18. Bd4 g5 19. Qd2 gxf4 20. exf4 Rf7 21. Rf2 Rg7 22. a4 Kh8 23. a5 Bxd4 24. Nxd4 Rag8 25. Ra3 Bh3 26. g3 a6 27. Re3 c6 28. Qe1 Qg6 29. Qc3 h5 30. Qe1 h4 31. c3 Qh6 32. Ne2 Bg4 33. Nd4 hxg3 34. Rxg3 Bf3 35. Nxf3 Rxg3+ 36. hxg3 Rxg3+ 37. Rg2 Rxf3 38. Rg5 Rh3 39. Kf2 Qh4+ 40. Ke2 Re3+ 0-1